000
00323nam a22001457a 4500
008
221007b ||||| |||| 00| 0 eng d
020
_a
1891560018
041
_a
eng
080
_2
2ND EDITION
_a
615
082
_a
615
100
_a
15
101
_a
ONC
245
_a
ONCOLOGY DRUG INFORMATION
_c
LARRY R
942
_2
udc
_c
BK
999
_c
58422
_d
58422